|
|
|
|
| LEADER |
00000cam a2200000 a 4500 |
| 001 |
vtls001418929 |
| 003 |
SK-MaSNL |
| 005 |
20260301012728.0 |
| 008 |
250313s1940 xo grf 000 0 slo |
| 015 |
|
|
|a SNBA1940
|
| 020 |
|
|
|q (brožované)
|
| 035 |
|
|
|a SNK000373736
|
| 035 |
|
|
|a 290E999D-C947-4ADF-9084-1F3B2D0DA7DE
|
| 035 |
|
|
|a urn:nbn:sk:snk-am00ictm
|
| 040 |
|
|
|a SNK
|b slo
|c SNK
|e AACR2
|
| 041 |
1 |
|
|a slo
|h und
|
| 044 |
|
|
|a xo
|c SK
|
| 072 |
|
7 |
|a 364-1/-7
|x Druhy sociálnej pomoci a služieb
|2 konspekt
|
| 080 |
|
|
|a 364-3
|2 2011
|
| 080 |
|
|
|a 364-43-027.556
|2 2011
|
| 080 |
|
|
|a (035)
|2 2011
|
| 100 |
1 |
|
|a Wernerová, D.
|4 aut
|9 298239
|
| 245 |
1 |
0 |
|a Pod zástavou milosrdenstva
|c D. Wernerová ; preložil Ľudovít Izák
|
| 260 |
|
|
|a V Turč. Sv. Martine
|b Spoločnosť Slovenského červeného kríža
|c 1940
|
| 300 |
|
|
|a 64 strán
|c 21 cm
|
| 366 |
|
|
|e 2000 kusov
|
| 650 |
0 |
7 |
|a sociálna starostlivosť
|2 SNKPH
|9 3737
|
| 650 |
0 |
7 |
|a dobrovoľníci
|2 SNKPH
|9 30551
|
| 655 |
|
7 |
|a príručky
|2 SNKPH
|9 74364
|
| 700 |
1 |
|
|a Izák, Ľudovít Ján,
|d 1899-1978
|4 trl
|9 172833
|
| 752 |
|
|
|a Slovensko
|d Martin
|
| 852 |
|
|
|a Slovenská národná knižnica
|
| 954 |
|
|
|a iná literatúra (príručky, kuchárske knihy, hobby literatúra, sprievodcovia) cudzojazyčná (svetová)
|2 lita
|
| 954 |
|
|
|a duchovná literatúra cudzojazyčná (svetová)
|2 lita
|
| 958 |
|
|
|a RK
|
| 958 |
|
|
|a TL
|
| 958 |
|
|
|a OND
|
| 958 |
|
|
|a NT
|
| 958 |
|
|
|a SP
|
| 958 |
|
|
|a OP
|
| 999 |
|
|
|c 554259
|d 556189
|
| 952 |
|
|
|a SNK
|b SNK
|y PREZ
|7 0
|p 17A0913185
|o snkSC 23755
|i snkK 2143/68
|8 3
|0 0
|1 0
|4 0
|d 2012-08-27
|f 1
|l 0
|r 2025-08-20 00:00:00
|w 2026-02-23
|
| 952 |
|
|
|a SNK
|b SNK
|y VYP
|7 0
|p 17A0311405
|o snkSC 23755 D1
|0 0
|1 0
|4 0
|d 2001-08-20
|l 0
|r 2005-01-02 00:00:00
|w 2026-02-23
|